000 00686nam a2200241 a 4500
005 20140310183324.0
008 060717s19uu xx 00 eng d
020 _a0781767784
050 _aRT 51
_b.Sm655 2006
100 _aSmith-Temple, Jean
245 _aNurse's guide to clinical procedures /
_cJean Smith-Temple.
250 _a5th ed.
260 _aPhiladelphia :
_bLippincott Williams & Wilkins,
_c2006.
300 _a833 p. :
_bill. ;
_c18 cm.
521 _aNUR
650 _aNursing Process
_xHandbooks, manuals, etc.
650 _aHome Care Services
_xHandbooks.
942 _cBK
_2lcc
_kFOR
999 _c21470
_d21470